| 000 | 00677cam a22002533a 4500 | ||
|---|---|---|---|
| 001 | 1043 | ||
| 003 | PGUSA | ||
| 005 | 20140828082956.0 | ||
| 008 | 970901s1997||||xxu|||||s|||||000 | eng d | ||
| 040 |
_aPGUSA _beng |
||
| 042 | _adc | ||
| 050 | 4 | _aQH | |
| 100 | 1 |
_aMcCabe, Joseph, _d1867-1955 |
|
| 245 | 1 | 4 |
_aThe Story of Evolution _h[electronic resource] / _cJoseph McCabe |
| 260 |
_bProject Gutenberg, _c1997 |
||
| 506 | _aPublic domain in the USA. | ||
| 516 | _aElectronic text | ||
| 653 | _aEvolution (Biology) | ||
| 653 | _aPaleontology | ||
| 653 | _aGeology | ||
| 830 | 0 |
_aProject Gutenberg _v1043 |
|
| 856 | 4 | 0 | _uhttp://www.gutenberg.org/ebooks/1043 |
| 942 | _cEB | ||
| 999 |
_c230394 _d230394 |
||